Limca book of records 2023 : (Record no. 208950)

MARC details
000 -LEADER
fixed length control field 00612nam a22001937a 4500
005 - DATE AND TIME OF LATEST TRANSACTION
control field 20250207115215.0
010 ## - LCCN (DPL NO)
LC control number ENG-140536
020 ## - INTERNATIONAL STANDARD BOOK NUMBER
International Standard Book Number 9789393701473
Terms of availability 550.00
035 ## - SYSTEM CONTROL NUMBER
System control number EN-124068
037 ## - SOURCE OF ACQUISITION
Source of stock number/acquisition DBAD
082 ## - DEWEY DECIMAL CLASSIFICATION NUMBER
Classification number 032.02
245 ## - TITLE STATEMENT
Title Limca book of records 2023 :
Remainder of title India's incredibles /
Statement of responsibility, etc edited by Vijaya Ghose
260 ## - PUBLICATION, DISTRIBUTION, ETC. (IMPRINT)
Place of publication, distribution, etc Gurgaon
Name of publisher, distributor, etc Coca-Cola Inc.
Date of publication, distribution, etc 2023
270 ## - ADDRESS
Address 4th & 5th Floors, Corporate Centre Plot No. 94, Sector 44,
City Haryana
Postal code 122003
300 ## - PHYSICAL DESCRIPTION
Extent 496p. :
Dimensions 27cm(Hb)
Other physical details col.photos
700 ## - ADDED ENTRY--PERSONAL NAME
Personal name Ghose,Vijaya
9 (RLIN) 77432
942 ## - ADDED ENTRY ELEMENTS (KOHA)
Source of classification or shelving scheme Dewey Decimal Classification
Item type English Books
Call number suffix LIM
Classification part 032.02
Holdings
Withdrawn status Lost status Not for loan Collection code Home library Current library Date acquired Source of acquisition Cost, normal purchase price Full call number Barcode Copy number Cost, replacement price Koha item type
      Non-fiction Central Library Central Library 29/06/2024 DBAD 550.00 LIM 032.02 EN-124068 1 550.00 English Books

© Delhi Public Library
Hit Counter
free hit counter